<?xml version="1.0" encoding="UTF-8"?>
<record
    xmlns:xsi="http://www.w3.org/2001/XMLSchema-instance"
    xsi:schemaLocation="http://www.loc.gov/MARC21/slim http://www.loc.gov/standards/marcxml/schema/MARC21slim.xsd"
    xmlns="http://www.loc.gov/MARC21/slim">

  <leader>00806nam a2200205   4500</leader>
  <controlfield tag="001">6917</controlfield>
  <controlfield tag="003">GR-kaGGEEl</controlfield>
  <controlfield tag="005">20220622205424.0</controlfield>
  <datafield tag="035" ind1=" " ind2=" ">
    <subfield code="a">6762</subfield>
  </datafield>
  <datafield tag="090" ind1=" " ind2=" ">
    <subfield code="a">6917</subfield>
  </datafield>
  <datafield tag="100" ind1=" " ind2=" ">
    <subfield code="a">20090424d        |||y0grey50      ga</subfield>
  </datafield>
  <datafield tag="200" ind1="1" ind2=" ">
    <subfield code="a">&#x39A;&#x3C1;&#x3AC;&#x3C4;&#x3BF;&#x3C2; &#x3BA;&#x3B1;&#x3B9; &#x3B5;&#x3C0;&#x3B1;&#x3BD;&#x3AC;&#x3C3;&#x3C4;&#x3B1;&#x3C3;&#x3B7;</subfield>
    <subfield code="f">&#x392;.&#x399;.&#x39B;&#x3AD;&#x3BD;&#x3B9;&#x3BD;</subfield>
    <subfield code="e">&#x397; &#x3B4;&#x3B9;&#x3B4;&#x3B1;&#x3C3;&#x3BA;&#x3B1;&#x3BB;&#x3AF;&#x3B1; &#x3C4;&#x3BF;&#x3C5; &#x3BC;&#x3B1;&#x3C1;&#x3BE;&#x3B9;&#x3C3;&#x3BC;&#x3BF;&#x3CD; &#x3B3;&#x3B9;&#x3B1; &#x3C4;&#x3BF; &#x3BA;&#x3C1;&#x3AC;&#x3C4;&#x3BF;&#x3C2; &#x3BA;&#x3B1;&#x3B9; &#x3C4;&#x3B1; &#x3BA;&#x3B1;&#x3B8;&#x3AE;&#x3BA;&#x3BF;&#x3BD;&#x3C4;&#x3B1; &#x3C4;&#x3BF;&#x3C5; &#x3C0;&#x3C1;&#x3BF;&#x3BB;&#x3B5;&#x3C4;&#x3B1;&#x3C1;&#x3B9;&#x3AC;&#x3C4;&#x3BF;&#x3C5; &#x3C3;&#x3C4;&#x3B7;&#x3BD; &#x3B5;&#x3C0;&#x3B1;&#x3BD;&#x3AC;&#x3C3;&#x3C4;&#x3B1;&#x3C3;&#x3B7;</subfield>
  </datafield>
  <datafield tag="210" ind1=" " ind2=" ">
    <subfield code="a">&#x391;&#x3B8;&#x3AE;&#x3BD;&#x3B1;</subfield>
    <subfield code="c">&#x3A3;&#x3CD;&#x3B3;&#x3C7;&#x3C1;&#x3BF;&#x3BD;&#x3B7; &#x395;&#x3C0;&#x3BF;&#x3C7;&#x3AE;</subfield>
    <subfield code="d">1984</subfield>
  </datafield>
  <datafield tag="606" ind1="1" ind2=" ">
    <subfield code="a">&#x3BA;&#x3BF;&#x3BC;&#x3BC;&#x3BF;&#x3C5;&#x3BD;&#x3B9;&#x3C3;&#x3BC;&#x3CC;&#x3C2;-&#x3A3;&#x3BF;&#x3B2;&#x3B9;&#x3B5;&#x3C4;&#x3B9;&#x3BA;&#x3AE; &#x388;&#x3BD;&#x3C9;&#x3C3;&#x3B7;</subfield>
    <subfield code="9">16145</subfield>
  </datafield>
  <datafield tag="676" ind1=" " ind2=" ">
    <subfield code="a">335.4</subfield>
    <subfield code="v">19</subfield>
  </datafield>
  <datafield tag="701" ind1=" " ind2="1">
    <subfield code="4">070</subfield>
    <subfield code="a">&#x39B;&#x3AD;&#x3BD;&#x3B9;&#x3BD; &#x399;.</subfield>
    <subfield code="b">&#x392;.</subfield>
  </datafield>
  <datafield tag="712" ind1="0" ind2="2">
    <subfield code="4">650</subfield>
    <subfield code="a">&#x3A3;&#x3CD;&#x3B3;&#x3C7;&#x3C1;&#x3BF;&#x3BD;&#x3B7; &#x395;&#x3C0;&#x3BF;&#x3C7;&#x3AE;</subfield>
    <subfield code="9">22772</subfield>
  </datafield>
  <datafield tag="942" ind1=" " ind2=" ">
    <subfield code="c">BK</subfield>
  </datafield>
  <datafield tag="995" ind1=" " ind2=" ">
    <subfield code="0">0</subfield>
    <subfield code="2">0</subfield>
    <subfield code="5">2009-04-24</subfield>
    <subfield code="9">8587</subfield>
    <subfield code="f">009476</subfield>
    <subfield code="k">335.4 &#x39B;&#x395;&#x39D;</subfield>
    <subfield code="o">1</subfield>
    <subfield code="r">BK</subfield>
  </datafield>
</record>
